000 00363nam a2200145Ia 4500
008 240624s9999 xx 000 0 und d
041 _aeng
082 _a658.404 SMI
100 _aSMITH KARL A
245 _aTEAMWORK AND PROJECT MANAGEMENT
250 _a(3rd ed.)
260 _c2007
_aBoston
_bMcGraw-Hill
300 _axii, : 148 : p. : cm. ; 23
365 _c
_b26
999 _c4785
_d4785